Perennially Popular Female Names (C-D) Quiz Stats

 Plays Quiz not verified by Sporcle

Challenge
Share
Tweet
Embed
Score 0/19 Timer 05:00
0 Plays Today
Name % Correct
Catherine
88%
Caroline
84.7%
Christine
78%
Christina
77.5%
Charlotte
71.9%
Carolyn
71.4%
Claire
67.2%
Clara
66.9%
Cora
63.8%
Deborah
59.5%
Name % Correct
Cynthia
54.4%
Cecilia
51.4%
Camille
48%
Daisy
47.4%
Celia
45.4%
Carmen
36.6%
Claudia
32.7%
Corinne
29.3%
Celeste
24%

You're not logged in!

Compare scores with friends on all Sporcle quizzes.
Join for Free
OR
Log In

You Might Also Like...

Show Comments

Extras

Created Jun 10, 2011SourceReportNominate
Tags:Baby Names Quiz

Top Quizzes Today


Score Distribution

Your Account Isn't Verified!

In order to create a playlist on Sporcle, you need to verify the email address you used during registration. Go to your Sporcle Settings to finish the process.

Report this User

Report this user for behavior that violates our Community Guidelines.

Details: